000 00342 a2200145 4500
001 168124
020 _a
040 _cMagnum
100 _aMenezes, Gilda Et Al.
240 1 0 _aComo usar outras linguagens na sala de aula
_lpor
245 1 0 _aComo usar outras linguagens na sala de aula
362 0 _a1899
697 _aGERAL
942 _cBK
999 _c168124
_d168124